Focus sur: Dwalin - Tolkien - Statistiques

Statistiques générales
  • Ce quiz a été pris 32 fois
  • Le résultat moyen est 7 sur 10
Statistiques - réponses
Informations recherchées Réponses % Correct
Royaume Erebor
100%
Espèce Nain
100%
Première apparition Le Hobbit
97%
Ages durant lequel il vécut Troisième/Quatrième
97%
Groupe auquel il appartient Compagnie de Thorin
86%
Maison (lignée) Durin
86%
Frère Balin
79%
Père Fundin
31%
Couleur des cheveux Bleu
24%
Acteur l'interprétant dans les films Graham McTavish
24%
Aucun quiz correspondant
Distribution des résultats
% des personnes avec chaque résultat
Percentile par nombre de réponses
Votre historique - résultats
Vous n’avez pas pris ce quiz